000 01582cam a22004217a 4500
001 000091998
003 CHAP
005 20220329142831.0
008 040609d2003 mx r 00110 spa d
010 _a88465
011 _a89437
035 _a99988
040 _cCHAP
090 _aTesis
100 0 0 _aGarcía Figueroa, Guillermina.
_945983
245 1 0 _aEstrategias para incrementar la competitividad de la porcicultura en el estado de Guanajuato /
_c/por Guillermina García Figueroa.
260 _aChapingo, Méx. :
_bEl autor,
_c2003.
300 _a127 h. ; :
_bgráfs.
502 _aTesis (M.C. en Economía del Desarrollo Rural) -- UACH. División de Ciencias Económico Administrativas
590 _aALEPH
_b10
_c20130110
_lUCH01
_h1458
590 _aBATCH-UPD
_b10
_c20130110
_lUCH01
_h0818
590 _aBATCH-UPD
_b10
_c20130410
_lUCH01
_h0455
590 _aBATCH-UPD
_b10
_c20130914
_lUCH01
_h1523
590 _aBATCH-UPD
_b10
_c20140324
_lUCH01
_h1445
590 _aBATCH-UPD
_b10
_c20141002
_lUCH01
_h0822
590 _aCONVERSION
_b10
_c20130109
_lUCH01
_h1349
590 _aE5765TAJ
_b10
_c20130625
_lUCH01
_h1143
650 1 4 _aGanado porcino
_xCostos de producción.
_945348
650 1 4 _aGanado porcino
_xCría de.
_945350
650 1 4 _aGanado porcino
_xGuanajuato.
_945371
856 _3Finding aid
_uhttp://10.13.5.2/tesis/99988.pdf
_zTeclea aquí
901 _aBK
905 _aAlejandra Carrasco M.
942 _cCD
942 _n0
949 _aTesis
_bBC
_cTES
_d33724000794632
_eTS2
_fc.2
_h42029
_i99988
_si
949 _aTesis
_bBC
_cTES
_d999881
_eTS1
_h42028
_i99988
_sb
999 _c88465
_d88465